00538nam a2200193Ia 4500008004100000020001900041082000800060100002500068245002600093250000600119260003100125300001000156500002400166650001200190700002800202942000700230952009000237999001700327230524s9999 xx 000 0 und d a97893804222268 bDAS aTanmaya K.Das941963 0aComputer Organisation a1 aBBSRbBK Publicationc2011 a281p; aQuantity Number: 1 aComp-Sc aDillip Mohapatra941964 cBK 00104070aTATCLbTATCLcGENd2023-05-24l0o DASp53824r2023-05-24w2023-05-24yBK c56379d56379